| 000 | 01243nam a2200337 a 4500 | ||
|---|---|---|---|
| 001 | 54619 | ||
| 003 | BD-RjUL | ||
| 005 | 20211209080139.0 | ||
| 008 | 161108s2010 bg ab 001 0 eng | ||
| 020 | _a9789843316462 | ||
| 035 | _a(BD-RjUL)54741 | ||
| 040 |
_aDLC _cDLC _dDLC _dBD-RjUL _beng |
||
| 041 | _aeng | ||
| 082 |
_223 _a910.54922 _bTAS 2010 |
||
| 100 | 1 |
_aTaylor, James _9162909 |
|
| 245 | 1 | 2 |
_aA sketch of the topography & statistics of Dacca / _cby James Taylor ; editor, Sirajul Islam ; chief editor, Sharif uddin Ahmed ; managing editor, A.K.M. Golam Rabbani. |
| 246 | 3 | _aSketch of the topography and statistics of Dacca | |
| 250 | _aAsiatic society ed. | ||
| 260 |
_aDhaka : _bAsiatic Society of Bangladesh, _c2010. |
||
| 300 |
_axx, 284 p. : _bill. ; _c23 cm. |
||
| 490 | 0 |
_aDhaka celebration series, 1608-2008 ; _v4 |
|
| 500 | _aIncludes index. | ||
| 651 | 0 |
_aTopography Dhaka (Bangladesh) _9162910 |
|
| 651 | 0 |
_aDhaka (Bangladesh) _xSurveys. _9162911 |
|
| 700 | 1 |
_aIslam, Sirajul, _d1939- _9162912 |
|
| 700 | 1 |
_aAhmed, Sharif Uddin. _9138305 |
|
| 710 | 2 |
_aAsiatic Society of Bangladesh. _9126584 |
|
| 856 | _3Dhaka celebration series, 1608-2008 ; | ||
| 942 |
_2ddc _cBK |
||
| 999 |
_c54619 _d54619 |
||